000 00372nam a22001337a 4500
020 _a0-379-20684-6
082 _a920.009 LEH'W
100 _aLEHNUS, DONALD J
_974065
245 _aWHO'S ON TIME A STUDY OF TIMES COVERS FROM MARCH 3 1923 TO JANUARY 3, 1977
260 _aNEWYORK
_bOCEANA
_c1980
300 _a177P
650 _aBIOGRAPH 20TH CENTURY
_974066
942 _cBK
999 _c579640
_d579640